Innovacii kak faktor rosta v kontekste strategii Jevropa 2020

Nenaplnené ciele Lisabonskej stratégie. Odpoveď na toto zlyhanie - nová stratégia Európa 2020. Ciele tejto stratégie.

Saved in:
Bibliographic Details
Main Author: Gonda, Vladimír
Format: Book Chapter
Language:Russian
Subjects:
Tags: Add Tag
No Tags, Be the first to tag this record!

MARC

LEADER 00000naa$a2200000$$$4500
001 0195413
005 20240502083455.0
041 0 |a rus 
044 |a UA 
245 1 0 |a Innovacii kak faktor rosta v kontekste strategii Jevropa 2020  |c Vladimír Gonda 
520 |a Nenaplnené ciele Lisabonskej stratégie. Odpoveď na toto zlyhanie - nová stratégia Európa 2020. Ciele tejto stratégie. 
610 2 0 |a spolupráca hospodárska medzinárodná 
610 2 0 |a Európska únia 
610 2 0 |a inovácia 
610 2 0 |a výskum 
610 2 0 |a vzdelávanie vysokoškolské 
610 2 0 |a investície 
100 1 |a Gonda, Vladimír